Marketing power for successful managers in all business functions
Na minha lista:
| Autor principal: | |
|---|---|
| Formato: | Livro |
| Idioma: | inglês |
| Publicado em: |
Basel
I.C.M.
2006
|
| Assuntos: | |
| Tags: |
Sem tags, seja o primeiro a adicionar uma tag!
|
MARC
| LEADER | 00000nam$a2200000$$$4500 | ||
|---|---|---|---|
| 001 | 0106024 | ||
| 005 | 20240311125609.3 | ||
| 020 | |a 3-9521887-2-7 | ||
| 041 | 0 | |a eng | |
| 044 | |a CH | ||
| 245 | 1 | 0 | |a Marketing power |b for successful managers in all business functions |c Albert J. Gasser |
| 264 | 1 | |a Basel |b I.C.M. |c 2006 | |
| 300 | |a 120 s. | ||
| 610 | 2 | 0 | |a marketing |
| 610 | 2 | 0 | |a trh |
| 610 | 2 | 0 | |a propagácia |
| 610 | 2 | 0 | |a reklama |
| 610 | 2 | 0 | |a zákazníci |
| 100 | 1 | |a Gasser, Albert J. | |